[Event "79th Tata Steel 'B'"]
[Site "Wijk aan Zee"]
[Date "2017.01.29"]
[Round "13.3"]
[White "Hansen, Eric"]
[Black "Smirin, Ilya"]
[Result "1-0"]
[WhiteElo "2603"]
[BlackElo "2667"]
[Annotator "Eric Hansen"]
[PlyCount "51"]
[EventDate "2017.01.14"]
[EventCountry "NED"]

{[%mdl 32768]} 1. e4 c5 2. Nf3 e6 3. d4 cxd4 4. Nxd4 a6 {[#] The Kan caught me
by surprise since not only did I beat Smirin in this opening in 2014, but also
because he had done well in Wijk with two Black wins from the Modern Defense.}
5. Bd3 {Last time I went for a c4 Maroczy structure. Assuming he had some prep
I decided to go for the main line 5.Bd3.} Ne7 $5 {A playable move that
immediately took me out of book. Ilya needed a last round win to have a chance
for first, so I suspect he wanted a non-theoretical position.} 6. O-O Nbc6 7.
Nb3 {[#] On one hand I avoid trading pieces and the knight on e7 doesn't have
a second base. On the other hand, knights on b3 aren't particularly dangerous.}
Ng6 {Smirin is an ultra-aggressive player who sometimes gets away with dubious
setups. The knight on g6 is not good unless White stumbles into something.} (
7... g6 $5 {In hindsight, I think this move is a bit more annoying to deal
with. Artemiev plays this line and if Black can get in a quick ...d5 he might
be quite happy.} 8. c4 ({An example would be} 8. a4 Bg7 9. a5 d5 10. N1d2 O-O
11. c3 e5 $11 {Horvitz,R-Seirawan,Y 1987}) 8... Bg7 9. Nc3 O-O 10. Bg5 h6 11.
Bh4 g5 12. Bg3 Ne5 13. Be2 N7g6 14. Qd2 b6 $13 {Jakovenko,D -Artemiev,V, 2015.}
) 8. a4 ({A different but effective setup was adopted in a previous game:} 8.
Nc3 b5 9. Be3 Be7 10. f4 O-O 11. Qh5 d6 $14 {Leko,P-Carlsen, M Amber, 2008.
Black still struggles to find enough space to maneouver effectively.}) 8... b6
9. f4 Be7 10. Be3 d6 11. c3 {Stylistically, I wanted to play against Smirin
and his aggression. I was hoping to put my pieces on good squares while
avoiding commital moves. c3 rather than c4 is an example.} O-O 12. N1d2 Bb7 {
[#]} 13. Qf3 $1 {This simple move was my longest think of the game and what
caused Ilya a lot of trouble. I'm simply threatening Qf2 while trying to avoid
any can-opening moves by Black.} (13. Qh5 e5 14. f5 (14. g3 exf4 15. gxf4 $14 {
The space advantage is still good for White, but I didn't see the need to
expose my king, especially when I can't follow up with f4-f5.}) 14... Nf4 15.
Bxf4 exf4 16. Rxf4 Ne5 17. Qe2 Re8 $13 {Great compensation for Black with the
two bishops, knight on e5, and the potential to cause chaos with ...d5.}) (13.
Qe2 {is no different} e5 14. f5 Nf4 15. Bxf4 exf4 16. Rxf4 Ne5 17. Rff1 Re8 $36
{with the same sort of dynamic imbalance that I didn't want.}) ({I was
intially attracted to} 13. Nc4 {hoping for} b5 $2 ({... until I realized that
Ilya had something else in store:} 13... d5 $1 14. Bxb6 (14. Nxb6 d4 $1 $17)
14... dxc4 15. Bxd8 Rfxd8 $44) 14. Nb6 Rb8 15. axb5 axb5 16. Bxb5 $16 {I'm a
fully fledged pawn-grabber these days (thanks Yasser).}) 13... e5 (13... Nb8 {
followed by ...Nd7 was a good try. Black has a slow setup but it's not easy
for White to take advantage of it.}) (13... Na5 $5 14. Qf2 Nxb3 15. Nxb3 b5 16.
Na5 $1 Qd7 17. g3 Rab8 18. Nxb7 Rxb7 19. axb5 axb5 20. h4 $16) 14. f5 Nf4 15.
Bc2 {[#] And here the benefit of Qf3 becomes clear: ...Nf4 doesn't come with
tempo, which allows White to play around it and attempt to trap it with g3.} d5
(15... Bg5 $2 {allows White to trap the N:} 16. g3 Nh3+ 17. Kg2 Bxe3 18. Qxe3
Ng5 19. h4 $18) 16. Bxf4 exf4 17. exd5 Ne5 18. Qxf4 Re8 {[#]} 19. Ne4 (19. c4
Bg5 20. Qg3 Rc8 $40) (19. f6 $1 {A similar idea as the game, and superior
because it is forcing.} gxf6 (19... Bxf6 20. Ne4 $18) (19... Qxd5 20. Be4 Bc5+
21. Kh1 Qd7 22. Rad1 $18) 20. Rad1 Qxd5 21. Be4 Qd7 22. Nf3 Qc8 23. Bxb7 Qxb7
24. Nxe5 fxe5 25. Qg4+ Kh8 26. Rd7 Qc6 27. Rxf7 Rg8 28. Rxh7+ Kxh7 29. Rxe7+
$18) 19... Qxd5 ({Maybe the only attempt to survive was} 19... f6 20. Rad1 Bxd5
$16 {and to follow up with ...Ra7-d7. During the game I didn't think Black
could take this pawn because of the pin, so my two pawn advantage would be
decisive.} 21. Nd4 b5 22. Kh1 Qb6) 20. f6 Ng6 (20... Bxf6 21. Qxf6 gxf6 22.
Nxf6+ Kg7 23. Nxd5 Bxd5 24. Nd4 $16 {During the game I considered this endgame
lost for Black, but I am not bold enough to definitely say it in my notes here.
Extra pawn, queenside majority, and better structure should be enough.}) 21.
Qf2 gxf6 {[#]} 22. Nd4 $1 $18 {It was at this point I considered my position
absolutely winning. Once I saw Nd4 I realized it was over because it allows me
to have impeccable coordination before I go for the throat. My next moves are
Rae1 and Bb3 and Black is helpless.} (22. Rad1 Qc4 23. Nxf6+ (23. Ng3 $5 Rad8
24. Nd4 Bc5 {also looked like it was giving Black too much activity.}) 23...
Bxf6 24. Qxf6 Re2 {seemed totally unnecessary.}) 22... Rad8 23. Rae1 Kf8 24.
Bb3 Qe5 (24... Qxe4 25. Rxe4 Bxe4 26. h4 h5 27. Qe3 $18) 25. Nxf6 {[#]} Qxf6 (
25... Qxf6 26. Qg3 Qg7 (26... Bd6 27. Rxf6 Bxg3 28. Rxf7+ Kg8 29. Rxb7+ Kh8 30.
Rxe8+ Rxe8 31. hxg3 $18) 27. Ne6+) 26. Qg3 {A picturesque final position where
every piece does its job. I was able to a punish a slightly dubious opening
setup by Smirin in a game that felt pretty heavy due to the last round
consequences.} 1-0

[Event "GRENKE Chess Open"]
[Site "Baden-Baden"]
[Date "2017.04.15"]
[Round "5"]
[White "Wagner, Dennis"]
[Black "Hambleton, Aman"]
[Result "0-1"]
[WhiteElo "2577"]
[BlackElo "2434"]
[Annotator "Aman Hambleton"]
[PlyCount "94"]
[EventDate "2017.??.??"]
[EventCountry "GER"]

{In round 5 of the GRENKE Chess Open I played against GM Dennis Wagner from
Germany, a young player and someone I was playing for the first time. After a
slow start this was the first time I was paired up. It's always important to
make these games count so you can continue to play against strong opposition!} 
1. Nf3 {[%mdl 32768]} Nf6 2. c4 b6 {Inviting my opponent to transpose back to
the QID with d4 e6 since that was what I prepared mostly.} 3. g3 Bb7 4. Bg2 c5
5. O-O e6 6. Nc3 a6 {The hedgehog move order, controlling the b5 square so
that White cannot put as much pressure on d6.} 7. Re1 (7. d4 cxd4 8. Qxd4 d6 9.
Bg5 Nbd7 {is another main line.}) 7... d6 8. e4 {[#]} Be7 (8... Nbd7 $2 9. d4
cxd4 10. Nxd4 {now Black needs to play ...Qc7 to protect the Bb7 against the
threat of e5, but it fails to a typical motif...} Qc7 11. Nd5 $1 $14 {Analysis
Diagram [#] editor - Aman has had this position before, and went down quickly
after declining the piece. Black can take the Nd5 without getting mated or
immediately having to give back the piece, but White gets a terrific long-term
attack. Here are two examples:} exd5 (11... Qb8 12. Bg5 $1 Be7 13. Nxe7 Kxe7 {
Black has a very bad Hedgehog and now gets destroyed on the dark squares.} 14.
f4 h6 15. Bxf6+ Nxf6 16. e5 $18 dxe5 17. fxe5 Nd7 18. Bc6 $3 Qc7 19. Qf3 $1
Nxe5 20. Qa3+ $1 Kf6 21. Bxb7 Qxb7 22. Qc3 Rhd8 23. Re3 Qc7 24. Nf3 {(1-0, 24)
Dvirnyy,D (2540)-Hambleton,A (2461) Forni di Sopra, 2013.}) 12. exd5+ Kd8 13.
Nc6+ Bxc6 (13... Kc8 14. b4 $1 $40) 14. dxc6 Nc5 15. b4 $18 Ne6 16. c5 (16. a4
$1 {/\a5, aiming to plant the B on b6.}) 16... Be7 17. cxb6 Qxb6 18. Be3 Qc7
19. a4 Rb8 20. b5 axb5 21. axb5 Rxb5 22. Ra8+ Rb8 23. Ra7 Qc8 24. Bf4 {White
is still down a whole piece, but would have to play the illegal and impossible
...Rh8-c7 just to equalize.} Ke8 25. c7 Rb4 26. Bc6+ Kf8 27. Ra8 Qxa8 28. Bxa8
Rc4 29. Bxd6 Ne8 30. Bxe7+ Kxe7 31. Qd8+ Kf8 32. c8=Q {(1-0, 32) Roussel
Roozmon,T (2430)-Lawson,E (2393) Montreal, 2006.}) 9. d4 cxd4 10. Nxd4 Qc7 (
10... Nbd7 11. e5 $16) 11. Be3 O-O (11... Qxc4 $4 12. Rc1 Qc7 13. Nd5 $18) 12.
Rc1 Nbd7 13. f4 Rac8 14. g4 {[#] Despite the aggressive nature of this move,
we are still following known theory. The computer really favours White, but
that is the case in positions with large space advantages like the hedgehog or
KID.} Nc5 {by compelling the Bishop to move from e3, the f4 pawn lacks support
and this is critical for the ensuing variations.} 15. Bf2 g6 16. b4 ({editor -
} 16. g5 Nh5 17. Be3 e5 18. Nde2 exf4 $13 {(½-½, 43) Svidler,P (2754)
-Carlsen,M (2801) Moscow blitz, 2009.}) 16... Rfd8 $6 (16... Ncd7 17. b5 Nc5 {
is the solid option. Black is still slightly worse.} 18. Rc2 $14) 17. f5 (17.
bxc5 dxc5 $11 {is obviously exactly the type of complications Black is hoping
for.}) 17... e5 {[#]} 18. g5 $2 (18. Nc2 Ncd7 19. g5 Nh5 20. f6 Bf8 21. Ne3 $16
) 18... Nh5 $2 {Giving White another chance to play Nf3 and avoid
complications in the middle of the board.} (18... Nfxe4 19. Nxe4 Nxe4 20. fxg6
hxg6 21. Bxe4 $13 {was difficult to evaluate over the board.}) 19. f6 Bf8 (
19... exd4 $6 20. fxe7 Qxe7 21. Nd5 Bxd5 22. exd5 Qxg5 23. bxc5 bxc5 $14 {
was something to consider, but if White plays precisely I believe the extra
piece will be felt.}) 20. bxc5 $6 {We have been exchanging blunders back and
forth for the past couple of moves, but my opponent makes the final one. White
should have retreated with Nf3 or Nc2 while he could.} dxc5 21. Nd5 Bxd5 22.
cxd5 exd4 23. Bxd4 Qf4 $1 {[#] This is the move that I had seen in my
calculations. After this, I believe Black has a clear advantage.} 24. Bb2 ({
I had a feeling my opponent would sacrifice a pawn because playing} 24. Be3 Qe5
$15 {with ...Bd6, ..Nf4 and ...b5-c4 coming looks completely lost without
counterplay.}) 24... Qxg5 25. Qf3 c4 26. e5 {The pawn storm is coming but I
can get my Bishop out to c5 before White plays d6, fortunately.} Bc5+ 27. Kh1
Nf4 {[#]} 28. e6 (28. Rxc4 Qxg2+ 29. Qxg2 Nxg2 30. Kxg2 Rxd5 $17) 28... Qxg2+
29. Qxg2 Nxg2 30. Kxg2 fxe6 31. dxe6 (31. Rxe6 Rxd5 $19 {threatening ...Rd2+
and ...Kf7 is far too easy.}) 31... Rd2+ 32. Kh3 Rxb2 33. Rxc4 {[#] I had to
be a bit careful in this position, but with an extra piece Black should be
winning without too many problems.} Rf2 34. f7+ Kf8 35. a4 Ke7 36. a5 b5 37.
Rc3 h5 38. Rd3 Rc7 39. Kh4 Rf5 40. Re2 Bf2+ 41. Kh3 Bc5 42. Kh4 b4 43. Rg2 Bf2+
44. Kh3 Rc3 45. Rxc3 bxc3 46. Rxg6 c2 47. Rg5 {one last trick, hoping for
stalemate ideas after ...Rxg5.} c1=Q {Threatening ...Qf1#. My opponent
resigned here. This win suddenly put me in a great position to play for a norm
- I had great chances until round 8 where I played a GM with White and lost. I
think that if I had won that game I would have certainly made the norm.
Nevertheless, this was good foreshadowing for Iceland!} 0-1

[Event "Reykjavik Open"]
[Site "Reykjavik"]
[Date "2017.04.21"]
[Round "4"]
[White "Shirov, Alexei"]
[Black "Hambleton, Aman"]
[Result "0-1"]
[WhiteElo "2693"]
[BlackElo "2434"]
[Annotator "Aman Hambleton"]
[PlyCount "76"]
[EventDate "2017.??.??"]
[EventCountry "ISL"]

{[%mdl 32768] I was quite honoured and excited for my round 4 encounter
against Alexei Shirov with the black pieces. Not only is he a 2700-level
player and chess legend in his own right, but there would certainly be a huge
style mismatch. I was planning to play the Sicilian instead of my usual, solid
French. It did not seem like the smartest idea going into the game - to be
honest I am not sure how I convinced myself!} 1. e4 c5 2. Nf3 e6 3. d4 cxd4 4.
Nxd4 Nc6 {[#] The Sicilian Taimanov is an opening I have been studying lately,
and have only had a chance to test in tournament chess on a few occassions. I
believe a refreshing, new approach to 1.e4 with Black is what I've been
missing, and one can only play so many games with a bad Bishop in the French. :
^)} 5. Nc3 Qc7 6. Be3 a6 7. Qf3 {[#] Shirov does not go for the "main" line,
but certainly the most fashionable one lately. Qf3 was introduced a few years
ago with the simple idea to play 0-0-0 very quickly and often play Qg3,
entering a favourable endgame with a lot of dark square weaknesses for Black.}
Bd6 (7... Nf6 8. O-O-O d6 $13 {is another way of playing, although these
structures resemble that of a Scheveningen more than a Taimanov.}) 8. O-O-O Be5
9. g3 (9. Nxc6 bxc6 10. Bd4 Bxd4 11. Rxd4 d5 12. Qg3 Qxg3 13. hxg3 Nf6 $14 {
is a very critical line for the evaluation of this entire opening! Shirov
himself has played into this a number of times with great success, so actually
the heavy majority of my preparation was specific to this endgame.}) 9... Nge7
10. Qe2 b5 11. f4 Bxd4 12. Bxd4 Nxd4 13. Rxd4 Rb8 {[#] This move has been seen
only a handful of times, all in recent years and with good results. It is the
new way of playing this variation, delaying castling in favour of Queenside
counterplay.} 14. e5 Bb7 $146 {I think that the reason this move is such a
powerful novelty is how surprising the main variation can be. Shirov makes
extremely logical moves from this point on, but ends up in a middlegame in
which I believe Black has the better attacking chances.} 15. Bg2 Bxg2 16. Qxg2
b4 $1 {Chasing the N to the e4-square, precisely where it wants to go...} 17.
Ne4 O-O 18. Rhd1 Nd5 $11 {[#] This was more or less the end of my preparation,
although I did check what should be done if White sacrifices his Rook in this
position or anything similar. Once you realize Rxd5 is never justified, White
has a hard time dealing with a5-a4-a3. Black has easy play.} 19. Qf3 {Shirov
had used about an hour on the clock so far, and continued to spend more and
more time likely calculating Rxd5 and being frustrated that nothing works.} (
19. Rxd5 exd5 20. Nd6 Qc6 21. Qxd5 (21. Rxd5 a5 $40) 21... Qxd5 22. Rxd5 f6 23.
Nc4 g5 $15) 19... a5 (19... Rfc8 20. R1d2 Qa5 21. Qb3 Nc3 22. Nd6 Nxa2+ 23. Kd1
Nc3+ 24. Ke1 Qa1+ 25. Kf2 Qh1 $11 {is a long variation that I couldn't see
until the very end. I knew that it was likely I had a perpetual but I also
thought I had better chances by continuing the attack more slowly with a4-a3.})
20. Nd6 a4 {I continue my relatively straightforward plan of trying to play a3
and unlock the c3-square for my pieces.} 21. a3 {[#]} Qc5 (21... bxa3 22. Qxa3
Rb3 23. Qxa4 Rbb8 $44 {sacrifices a pawn for unclear compensation but unless I
have a forced win I get nervous about those two connected pawns and the fact
that I can never use the c8-square for my pieces.}) 22. axb4 Rxb4 23. Qa3 Rfb8
24. c3 {[#]} Qc6 $1 {I was happy with this move: protecting a4, getting out of
the annoying pin, maintaining the pin on the c3-pawn, and preparing to use the
h1-a8 diagonal to reach the weakened White King in the future.} 25. Rxb4 Nxb4
26. Kb1 Qf3 {After I played ...Qf3 I definitively knew that I was better, but
time pressure was upon both of us so I had to (and did) play extremely
accurately to maintain the edge.} 27. Qxa4 Nd5 28. Nb5 {[#]} h5 $1 (28... Nxc3+
29. Nxc3 Qxc3 30. Qc2 Qb4 31. Rxd7 g6 $11) ({Certainly not} 28... Rxb5 $4 29.
Qa8+ Rb8 30. Qxb8#) 29. c4 Nb6 (29... Ne3 30. Rxd7 Qf1+ 31. Ka2 Nxc4 $13 {
is a less convincing version of what happened in the game.}) 30. Qc2 Nxc4 {[#]}
31. Rxd7 {I didn't consider this move because it felt too greedy, but Alexei
played it very quickly. It's always scary when a strong player makes a quick
move that you overlooked. Fortunately my intuition was correct, and it was
indeed too greedy!} ({editor - White doesn't have any objectively better moves
-- Black wins with accurate play -- so the unpleasant question for White is
"what sets Black the most practical difficulties?". He might have tried} 31.
Rd3 Qh1+ 32. Rd1 Qc6 33. Rd4 $8 Nxe5 $1 34. fxe5 Qxb5 {is also pretty horrible
for White, who is down a pawn with an exposed K and loose pawns... but
multiple major piece endings contain a lot of game-saving perpetuals.}) 31...
Ne3 (31... Nxb2 $1 {was even stronger e.g.} 32. Qxb2 Qf1+ 33. Ka2 Rxb5 34. Qc3
Rb8 $19) 32. Qd3 Qh1+ 33. Ka2 {[#]} Nd5 {Threatening ...Nb4+ as well as just
centralizing the N on the best square and disconnecting White's heavy pieces
along the d-file.} 34. Kb3 (34. Qe2 {is a surprisingly resilient computer
defense which I doubt either of us were remotely considering.} Nb4+ 35. Kb3 Nc6
$19) 34... Qe1 35. Rxd5 exd5 36. Qxd5 Qa5 {Now the Knight falls by force, but
that can be expected when the King is running out to c4 with Queens still on
the board.} 37. Kc4 Qa4+ 38. b4 Qa2+ {Shirov resigned as I will be up an
entire Rook after the Queens are exchanged on d5. I think that this is one of
my cleanest games from start to finish. Although I may have missed stronger
moves, I never committed any errors, and I also managed to successfully employ
a strong novelty in a main line of a big Sicilian opening. At 2693, beating
Alexei Shirov with Black is by far the best result of my chess career. It
certainly gave me the confidence that a GM norm was entirely possible in
Reykjavik.} 0-1